000 01034cac a2200265 a 4500
003 CO-PeBPM
005 20260407110653.0
008 231129s1999||||xx a||||||||||||| ||spa||
020 _a9589409121
040 _aCO-PeBPM
_bspa
_cCO-PeBPM
_erda
041 _aspa
082 _a179.9 C352an
_222
100 1 _aCastillo Ramí­rez, César Augusto
_eautor
245 1 0 _aAntologí­a de la tolerancia: año 2000 el reencuentro
_cCésar Augusto Castillo Ramírez, Gonzalo Hugo Vallejo Arcila, Rafael Fernando Henao Cárdenas; ilustraciones Rosalba Gómez
250 _aPrimera edición
260 _c1999
264 _aPereira, Colombia
_b: Gráficas Olí­mpica
_c, 1999
300 _a396 páginas
_bilustraciones en blanco y negro
_c25 centimetros
500 _aIncluye índice
500 _aContiene bibliografía al final del texto
650 1 7 _aTolerancia
_2LEMB
700 1 _aHenao Cárdenas, Rafael Fernando
_ecoautor
700 1 _aVallejo Arcila, Gonzalo Hugo
_ecoautor
942 _2ddc
_cBK
999 _c5280
_d5280